000 00673nam a2200265Ia 4500
005 20260121170411.0
008 008 260114s9999 xx 000 0 eng d
020 _a9783319618395
037 _aEBOOK
040 _aCRL
040 _beng
040 _cCRL
041 _2eng
041 _aeng
084 _qCRL
100 _aPatricia Vit, Silvia R.M. Pedro, David W. Roubik
_91063428
245 0 _aPot-Pollen in Stingless Bee Melittology
260 _bSpringer
260 _bSpringer
260 _c2018
856 _uhttps://link.springer.com/openurl?genre=book&isbn=978-3-319-61839-5
942 _cEBOOK
999 _c1629157
_d1629157